Championnat d'Europe de football - Équipes qualifiées une seule fois - Statistiques

Statistiques générales
  • Ce quiz a été pris 41 fois
  • Le résultat moyen est 5 sur 7
Statistiques - réponses
Année Équipe % Correct
2024 Géorgie
89%
2016 Islande
84%
2020 Finlande
73%
2020 Macédoine du Nord
65%
2016 Irlande du Nord
54%
2000 Norvège
49%
2004 Lettonie
46%
Aucun quiz correspondant
Distribution des résultats
% des personnes avec chaque résultat
Percentile par nombre de réponses
Votre historique - résultats
Vous n’avez pas pris ce quiz